| 000 | 00374nam a2200133Ia 4500 | ||
|---|---|---|---|
| 005 | 20251222144727.0 | ||
| 008 | 251222s9999||||xx |||||||||||||| ||spa|| | ||
| 020 | _a84-7434-510-3 | ||
| 082 | _a621.381/K22 | ||
| 100 | _aKaplinsky, Raphael | ||
| 245 | 0 | _aMicroelectrónica y Empleo | |
| 264 | _bCentro de Publicaciones Ministerio de Trabajo y Seguridad Social | ||
| 942 | _cLIB | ||
| 999 |
_c18439 _d18439 |
||